Principles of microbe and cell cultivation

Guardat en:
Dades bibliogràfiques
Autor principal: Pirt, S. John (Autor)
Format: Llibre
Idioma:anglès
Publicat: Oxford Blackwell Scientific Publications 1975
Matèries:
Etiquetes: Afegir etiqueta
Sense etiquetes, Sigues el primer a etiquetar aquest registre!

MARC

LEADER 00000nam a2200000 a 4500
001 UCU4125
003 CL-VaPUC
008 960517e19750000UK |||||||||||||||||eng|d
082 0 4 |a 579  |b PIR  |2 21 
100 0 |a Pirt, S. John  |e author  |9 361552 
245 1 0 |a Principles of microbe and cell cultivation 
300 |a 274 p 
942 |c BK 
945 |d 19960517 00:00:00  |a paguirre 
260 |a Oxford  |b Blackwell Scientific Publications  |c 1975 
650 0 |a Microbiología   |9 259706 
650 0 |a Células   |9 269548 
650 0 |a Cultivos celulares  |9 326596 
650 0 |a Citología  |9 261432 
650 0 |a Cultivos celulares  |9 326596 
583 |a last modification  |c 19960517 00:00:00  |k Rodrigo Vera 
999 |c 247937  |d 247935 
952 |0 0  |1 0  |4 0  |6 579_000000000000000_PIR_1975  |7 0  |8 A  |9 264200  |a BIBING  |b BIBING  |d 2019-11-19  |i 1661957  |l 1  |o 579 PIR 1975  |p 1661957  |r 2025-01-20  |s 2023-05-11  |w 2019-11-19  |y BK  |k EIB 
952 |0 0  |1 0  |4 0  |6 579_000000000000000_PIR_1975  |7 0  |8 A  |9 264201  |a BIBING  |b BIBING  |d 2019-11-19  |i 1661876  |l 2  |o 579 PIR 1975  |p 1661876  |r 2025-01-20  |s 2023-06-28  |w 2019-11-19  |y BK  |k EIB 
952 |0 0  |1 0  |4 0  |6 579_000000000000000_PIR_1975  |7 0  |8 A  |9 264202  |a BIBING  |b BIBING  |d 2019-11-19  |i 1661248  |l 4  |m 2  |o 579 PIR 1975  |p 1661248  |r 2025-01-20  |s 2023-05-25  |w 2019-11-19  |y BK  |k EIB 
952 |0 0  |1 0  |4 0  |6 579_000000000000000_PIR_1975  |7 0  |8 A  |9 264203  |a BIBING  |b BIBING  |d 2019-11-19  |i 1661213  |l 1  |o 579 PIR 1975  |p 1661213  |r 2025-01-20  |s 2023-05-11  |w 2019-11-19  |y BK  |k EIB 
952 |0 0  |1 0  |4 0  |6 579_000000000000000_PIR_1975  |7 0  |8 A  |9 264204  |a BIBING  |b BIBING  |d 2019-11-19  |i 1650041  |o 579 PIR 1975  |p 1650041  |r 2025-01-20  |w 2019-11-19  |y BK  |k EIQ